Výkon optických sietí v metropolitnom prostredí

Na minha lista:
Detalhes bibliográficos
Autor principal: Virkler, Róbert, 1987- (Author)
Outros Autores: Kotuliak, Ivan, 1974- (Thesis advisor)
Formato: Manuscrito Livro
Idioma:eslovaco
Publicado em: Bratislava : STU v Bratislave FIIT, 2010
Assuntos:
Acesso em linha:VAIS
Tags: Adicionar Tag
Sem tags, seja o primeiro a adicionar uma tag!

MARC

LEADER 00000ntm a22000003a 4500
001 stu220634
005 20150617230119.4
008 110128s2010----xo------------------slo-d
040 |a STU  |b slo 
041 0 |a slo 
044 |a xo 
100 1 |a Virkler, Róbert,  |d 1987-  |4 aut  |u I100  |U FIIT Fakulta informatiky a informačných technológií  |T FIIT Ústav počítačových systémov a sietí  |X 48033  |U I100  |Y 178  |7 A000048033 
242 0 0 |a Performance of optical networks in metropolitan areas  |y eng 
245 1 |a Výkon optických sietí v metropolitnom prostredí 
260 |a Bratislava :  |b STU v Bratislave FIIT,  |c 2010 
300 |a 58 s  |c príl. 
650 7 |a počítačové systémy a siete  |2 stusub 
650 7 |a Computer Systems and Networks  |2 estusub 
650 7 |a TDMA  |2 stusub 
700 1 |a Kotuliak, Ivan,  |d 1974-  |4 ths  |u I100  |U FIIT Fakulta informatiky a informačných technológií  |T FIIT Ústav počítačových systémov a sietí  |X 1883  |U I100  |Y 178  |7 1883 
856 4 |a info a plný text  |u http://is.stuba.sk/zp/portal_zp.pl?podrobnosti=46697  |3 VAIS 
996 |l II680  |s P  |a 0  |w stu220634_0001